000 01120nam a2200313 i 4500
003 EG-GICUC
005 20260121101737.0
008 260118s19681969ua ||||fr|||| 00| 0 ara d
040 _a EG-GICUC
_bara
_c EG-GICUC
_d EG-GICUC
_erda
041 0 _aara
082 0 4 _221
_a345.6931
_bث ر . ت
092 0 4 _221
099 _aLaw1 07 345.6931 ث ر . ت 1969
100 0 _aثروت بدوي
_eمؤلف.
245 1 0 _aتدرج القرارت الإدارية و مبدأ الشرعية /
_cتأليف ثروت بدوي
264 1 _aالقاهرة:
_bدار النهضة العربية ،
_c1969.
300 _a128 ؛صفحة
_c24 سم
336 _2rda content
_atext
337 _2rda media
_aComputer
338 _2rda carrier
_aOnline Resource
504 _aيشتمل على إرجاعات ببليوجرافية.
546 _aالنص باللغة العربية
650 1 _aالقانون الإداري
_2qrmak
650 1 _aموازنات مبدا المشروعية
651 1 _2qrmak
856 4 0 _uhttps://fll.law.cu.edu.eg/fulltext/bks/B07-01826.pdf
905 _a74
942 _2ddc
_n0
_cBK
_e21
999 _c57629
_d57629